| 000 | 00652nam a22002175a 4500 | ||
|---|---|---|---|
| 001 | 002685 | ||
| 003 | armpunfd | ||
| 005 | 20140612090712.0 | ||
| 008 | 130711s2011####xx############000#0#und#d | ||
| 020 | _a9789279174872 | ||
| 040 |
_aarmpunfd _carmpunfd |
||
| 080 | _a341.17 (4) f 734 | ||
| 245 | 1 | 0 |
_aDoce lecciones sobre europa / _cFontaine, Pascal. |
| 260 |
_aLuxemburgo : _bOficina de Publicaciones Oficiales de la Union Europea, _c2011. |
||
| 300 |
_a80 p. : _bInc. Ilust. Graf. Maps ; _c16,2 X 22,9 cm. |
||
| 650 | 7 |
_aEuro _2LEMB |
|
| 650 | 7 |
_aMercado Unico _2LEMB |
|
| 650 | 7 |
_aUnion Europea _2LEMB |
|
| 942 |
_c _2cdu |
||
| 945 |
_asa _d2014-05-22 |
||
| 999 |
_c2574 _d233078 |
||